00801nam a2200253 a 4500001001300000003000900013005001700022008004100039020001000080082001600090100002200106245003300128260004700161300000900208500003500217505003900252650001300291700002200304902000800326942000700334952009500341952009600436999001500532nice12345678IN_TiNIC20260116011551.0050524s1950 cama grp 000 0 eng  ac14700a954.91bLIA aLiaquat, Ali Khan aPakistanb the Heart of Asia aCambridgebHarvard University Press c1950 a151p aincludes index and biblioraphy2 aSelect Bibliography Table of Dates aPakistan1 aLiaquat, Ali Khan bSRS cBK 00104070aHMIbHMId0000-00-00g147.00l0o954.91 LIAp929r0000-00-00w2026-01-16yARB 00104070aHMIbHMId0000-00-00g147.00l0o954.91 LIAp9271r0000-00-00w2026-01-16yARB c2655d2655